000 00303nam a2200121Ia 4500
005 20260328104340.0
008 260328s9999||||xx |||||||||||||| ||und||
100 _aPelli, Cesar
245 0 _aObservations for Young Architects /
_cCesar Pelli
300 _a207 p.
650 _aARQUITECTOS
942 _cBK
999 _c12063
_d12063